Development of jackfruit seed coat remover (Record no. 15495)
[ view plain ]
| 000 -LEADER | |
|---|---|
| fixed length control field | 00523nam a22001577a 4500 |
| 003 - CONTROL NUMBER IDENTIFIER | |
| control field | OSt |
| 008 - FIXED-LENGTH DATA ELEMENTS--GENERAL INFORMATION | |
| fixed length control field | 180925b ||||| |||| 00| 0 eng d |
| 082 ## - DEWEY DECIMAL CLASSIFICATION NUMBER | |
| Classification number | 631.56 |
| Item number | ANI/DE |
| 100 ## - MAIN ENTRY--AUTHOR NAME | |
| Personal name | Anila |
| -- | Anjaly M.G |
| -- | Hasnath K.T |
| 245 ## - TITLE STATEMENT | |
| Title | Development of jackfruit seed coat remover |
| 260 ## - PUBLICATION, DISTRIBUTION, ETC. (IMPRINT) | |
| Place of publication | Thavanur |
| Name of publisher | Department of food and agriculture process engineering |
| Year of publication | 2018 |
| 300 ## - PHYSICAL DESCRIPTION | |
| Number of Pages | 38 |
| Accompanying material | CD |
| 700 ## - ADDED ENTRY--PERSONAL NAME | |
| Personal name | George Mathew (Guide) |
| 856 ## - ELECTRONIC LOCATION AND ACCESS | |
| Uniform Resource Identifier | <a href="https://drive.google.com/open?id=1dG2edxqlue5jLmL2s4AjocoP9n40G42-">https://drive.google.com/open?id=1dG2edxqlue5jLmL2s4AjocoP9n40G42-</a> |
| 942 ## - ADDED ENTRY ELEMENTS (KOHA) | |
| Koha item type | Project Report |
| Withdrawn status | Lost status | Damaged status | Home library | Current library | Date acquired | Full call number | Accession Number | Koha item type |
|---|---|---|---|---|---|---|---|---|
| KAUAET | KAUAET | 26/07/2018 | 631.56 ANI/DE | P 415 | Project Report |
